El delito de conduccin̤ temeraria: anl̀isis dogmt̀ico y jurisprudencial /

Detalles Bibliográficos
Autor principal: Muǫz Ruiz, Josefa
Formato: eBook
Lenguaje:español
Publicado: Madrid: Dykinson, 2013
Materias:
Acceso en línea:Acceso restringido

MARC

LEADER 00000nam a22000007a 4500
005 20141006211015.0
007 cr|||| ||||
008 141006s2013 es |||||s|||| 00||0 spa d
020 |a 978-84-9085-031-2 
035 |a 12408 
040 |a vLex 
090 |c 5179  |d 5179 
100 1 |a Muǫz Ruiz, Josefa 
245 1 3 |a El delito de conduccin̤ temeraria:  |h [Recurso electrn̤ico] :  |b anl̀isis dogmt̀ico y jurisprudencial /  |c Josefa Muǫz Ruiz 
256 |a Servicio en ln̕ea 
260 |a Madrid:  |b Dykinson,  |c 2013 
300 |a 1 recurso electrn̤ico 
500 |a Los elevados n̕dices de siniestralidad en las carreteras espaǫlas demuestran que la conduccin̤ de vehc̕ulos a motor es una actividad altamente arriesgada si se combina con factores como el consumo de alcohol, velocidad excesiva y el estado de las va̕s, que hace indiscutible la necesidad de su incriminacin̤ cuando genera situaciones de peligro concreto para la vida o integridad fs̕ica de peatones, conductores, acompaąntes o cualquier otro participante en el trf̀ico rodado. La presente obra, tras abordar de manera sistemt̀ica la evolucin̤ de los delitos contra la seguridad vial hasta la actualidad, realiza un minucioso y pormenorizado anl̀isis dogmt̀ico del delito de conduccin̤ con temeridad manifiesta y concreto peligro para la vida o integridad de las personas, prestando especial interš al debate doctrinal que genera la determinacin̤ del bien jurd̕ico, la delimitacin̤ del ilc̕ito administrativo vial frente al penal y la fijacin̤ de los criterios interpretativos acuądos por la prc̀tica forense en respuesta a cuestiones relacionadas no solo con el delito objeto de estudio sino tambiň con otros de la misma familia delictual. Sella esta obra una serie de conclusiones en las que se sintetizan las opiniones ms̀ sobresalientes sobre esta tipologa̕ delictiva. 
506 1 |a Disponible solo en los productos indicados  |d vLex Global  |d vLex Global (Academic Edition, excluding Law Schools)  |d vLex Global (U.S. Academic Edition, Law Schools)  |d vLex Global (U.S. Academic Edition, excluding Law Schools)  |d vLex Global (Academic Edition, Law Schools) 
650 0 4 |a Derecho Civil  |z Espaą 
650 0 4 |a Derecho Penal  |z Espaą 
740 0 |a vLex Libros (Servicio en ln̕ea) 
856 4 0 |u http://vlex.com/source/delito-de-conduccion-temeraria-analisis-dogmatico-y-jurisprudencial-12408  |z Acceso restringido 
942 |c BOOK 
999 0 |a Civil Law 
999 0 |a Criminal Law